<?xml version="1.0" encoding="UTF-8"?>
<collection xmlns="http://www.loc.gov/MARC21/slim">
    <record>
        <controlfield tag="001">13213</controlfield>
        <controlfield tag="005">20170831220529.0</controlfield>
        <datafield tag="037" ind1=" " ind2=" ">
            <subfield code="a">TAZ-TFM-2013-1264</subfield>
        </datafield>
        <datafield tag="041" ind1=" " ind2=" ">
            <subfield code="a">spa</subfield>
        </datafield>
        <datafield tag="100" ind1="1" ind2=" ">
            <subfield code="a">Sesma Carlo, Mª Dolores</subfield>
        </datafield>
        <datafield tag="245" ind1="0" ind2="0">
            <subfield code="a">Factores asociados con el estado de salud percibida: estudio exploratorio de la población española desde la Encuesta Nacional de Salud (2006-2012)</subfield>
        </datafield>
        <datafield tag="260" ind1=" " ind2=" ">
            <subfield code="a">Zaragoza</subfield>
            <subfield code="b">Universidad de Zaragoza</subfield>
            <subfield code="c">2013</subfield>
        </datafield>
        <datafield tag="506" ind1=" " ind2=" ">
            <subfield code="a">by-nc-sa</subfield>
            <subfield code="b">Creative Commons</subfield>
            <subfield code="c">3.0</subfield>
            <subfield code="u">http://creativecommons.org/licenses/by-nc-sa/3.0/</subfield>
        </datafield>
        <datafield tag="520" ind1=" " ind2=" ">
            <subfield code="a">Background: Los objetivos de este estudio han sido explorar las asociaciones entre el estado de salud percibida (ESP) con varios factores ocupacionales, psicosociales y socio-sanitarios en la población española entre 25 y 64 años durante 2006 y 2012, y examinar si una parte de estas asociaciones varía de acuerdo al nivel educativo. Métodos: Este estudio está basado en los datos de la Encuesta Nacional de Salud (ENSE2011-12 y ENSE2006), incluyendo 6.584 hombres y 6.871 mujeres en 2012, y 13.455 hombres y 19.475 mujeres en 2006, todos ellos con edades comprendidas entre 25 y 64 años. El ESP se ha medido utilizando un único ítem y se ha dicotomizado en buena (muy buena, buena) y mala (regular, mala, muy mala) salud. Los factores se han clasificado mediante cuatro grupos diferentes: factores laborales, psicosociales, socio-sanitarios y conductuales. Los resultados se han ajustado por edad, nivel educativo y clase social, y se han estratificado por género. Resultados: Cuando todos los factores se estudian conjuntamente, se asociaron con un  peor ESP en los dos años de estudio 2006 y 2012: la edad, el nivel educativo, la clase social, una peor salud mental, padecer ciertas enfermedades crónicas, un mayor consumo de medicamentos, haber sido hospitalizado y atendido en un servicio de urgencias,  haber acudido a una consulta médica recientemente, fumar y haber fumado, obesidad y sobrepeso. Se encontraron diferencias en algunas de estas asociaciones de acuerdo al nivel educativo. Conclusiones: Se encontró varios tipos de factores asociados más intensamente con mal ESP, y algunas de estas  asociaciones fueron similares de acuerdo al nivel educativo.</subfield>
        </datafield>
        <datafield tag="521" ind1=" " ind2=" ">
            <subfield code="a">Máster Universitario en Salud Pública</subfield>
        </datafield>
        <datafield tag="540" ind1=" " ind2=" ">
            <subfield code="a">Derechos regulados por licencia Creative Commons</subfield>
        </datafield>
        <datafield tag="653" ind1="1" ind2=" ">
            <subfield code="a">estado de salud percibida</subfield>
        </datafield>
        <datafield tag="653" ind1="1" ind2=" ">
            <subfield code="a">factores laborales</subfield>
        </datafield>
        <datafield tag="653" ind1="1" ind2=" ">
            <subfield code="a">factores psicosociales</subfield>
        </datafield>
        <datafield tag="653" ind1="1" ind2=" ">
            <subfield code="a">factores socio-sanitarios</subfield>
        </datafield>
        <datafield tag="653" ind1="1" ind2=" ">
            <subfield code="a">factores conductuales</subfield>
        </datafield>
        <datafield tag="653" ind1="1" ind2=" ">
            <subfield code="a">estatus socio-económico</subfield>
        </datafield>
        <datafield tag="700" ind1=" " ind2=" ">
            <subfield code="a">Fernández-Cuenca Gómez, Rafael</subfield>
            <subfield code="e">dir.</subfield>
        </datafield>
        <datafield tag="710" ind1="2" ind2=" ">
            <subfield code="a">Universidad de Zaragoza</subfield>
            <subfield code="b">Microbiología, Medicina Preventiva y Salud Pública</subfield>
            <subfield code="c">Medicina Preventiva y Salud Pública</subfield>
        </datafield>
        <datafield tag="856" ind1="0" ind2=" ">
            <subfield code="f">675792@celes.unizar.es</subfield>
        </datafield>
        <datafield tag="856" ind1="4" ind2=" ">
            <subfield code="s">533365</subfield>
            <subfield code="u">http://zaguan.unizar.es/record/13213/files/TAZ-TFM-2013-1264.pdf</subfield>
            <subfield code="y">Memoria (spa)</subfield>
        </datafield>
        <datafield tag="909" ind1="C" ind2="O">
            <subfield code="o">oai:zaguan.unizar.es:13213</subfield>
            <subfield code="p">driver</subfield>
            <subfield code="p">trabajos-fin-master</subfield>
        </datafield>
        <datafield tag="950" ind1=" " ind2=" ">
            <subfield code="a"></subfield>
        </datafield>
        <datafield tag="980" ind1=" " ind2=" ">
            <subfield code="a">TAZ</subfield>
            <subfield code="b">TFM</subfield>
            <subfield code="c">MED</subfield>
        </datafield>
    </record>

    
</collection>